01572nam a2200277 i 4500001000700000003000900007005001700016008004100033040002500074080001100099100003900110245008500149246003100234246015000265250008800415260006500503300008300568500017600651505015400827530003500981650003901016700004301055752002501098852005701123856011401180152971ES-MaACL20250825063338.0931025e1729 sz |r 001 0 lat  aCAM bspa cES-MaACL a34"16"1 aCarleval, Tomás,d1576-1645eaut10aD. D. Thomae Carleualii Hispani ... Disputationes iuris variae... :bDe judiciis1 aDisputationes iuris variae1 aD. D. Carleualii De iudiciis de foro competenti, et legitima iudicum potestate, ac de iudiciis in genere, iudicio executiuo, & concurs creditorum aEditio novissima, prioribus emendatior, cui accedit tractatus de judicis de officio aColoniae Allobrogum : bsumptibus Fratrum de Touunes, c1729 a2 tomos en 1 volumen ([8], XXVI, 308, [32], [4], 244, [64] páginas) ; cFol. aTítulo en anteportada: D. D. Carleualii De iudiciis de foro competenti, et legitima iudicum potestate, ac de iudiciis in genere, iudicio executiuo, & concursu creditorum8 aT. 2: Continens titulos ultimos de iudiciis in genere, iudicio executiuo, & concursu creditorum; con portada, paginación y signaturización propia aDisponible en formato digital  4aDerecho- vObras anteriores a 18001 aPapillon, Jean-Michel,d1698-1776eegr aAlemania -dColonia 4 aES-MaACLcDEPOdOlim: G-2213 jR-1543 xPergamino4 uhttps://bdh-rd.bne.es/viewer.vm?id=0000159522&page=1yVersión en línea z(Biblioteca Digital Hispánica)